1990 1979 1632 1768 1135 1288 1375 1083 1581 1303 1358 1368 1912 1595 1439 1489 1986 1620 1537 1564 1348 1075 1183 1932 1046 1219 1722 1889 1177 1031 1626 1045 1987 1229 1052 1197 1644 1124 1432 1592 1291 1884 1398 1645 1256 1191 1196 1494 1903 1708 1516 1356 1177 1988 1537 1088 1389 1841 1746 1362 1162 1884 1790 1542 1100 1647 1154 1776 1484 1942 1341 1851 1003 1518 1177 1750 1432 1699 1010 1915 1490 1727 1565 1977 1264 1071 1948 1336 1613 1700 1734 1130 1082 1388 1069 1204 1865 1203 1432 BCNSPRNW ULIB Ver.6.0+V

เปลี่ยนเป็นภาษาไทย

Change to English
 แสดงรายละเอียดบรรณานุกรม
  กลับหน้าหลัก

Brief Record : Get Marc (ISO 2709) : E-mail record : QR code < ปิดหน้าต่าง
สารบัญ Review โดย
ทศพร เกษรทอง
ห้องสมุดวิทยาเขตนครสวรรค์
ทศพร เกษรทอง เมื่อ27/กุมภาพันธ์/2558
บทที่ 1 วิวัฒนาการระบาดวิทยาการควบคุมการติดเชื้อที่ตำแหน่งผ่าตัด
บทที่ 2 ความรู้เบื้องต้นเกี่ยวกับการติดเชื้อที่ตำแหน่งผ่าตัด
บทที่ 3 ระบาดวิทยาการติดเชื้อที่ตำแหน่งผ่าตัด
บทที่ 4 กระบวนการหายของแผล
บทที่ 5 การป้องกันการติดเชื้อที่ตำแหน่งผ่าตัด
บทที่ 6 การเฝ้าระวังการติดเชื้อที่ตำแหน่งผ่าตัด

LEADER : 00000nam 2200000uu 4500
001    13399124301
003     ULIB
008    150227s2557||||th 000 0 tha d
020    ^a9786163610218
060  4 ^aWO185^bน146ร
100 0  ^aนงเยาว์ เกษตร์ภิบาล
245 10 ^aระบาดวิทยาและการป้องกันการติดเชื้อที่ตำแหน่งผ่าตัด=^bEpidemiology and Prevention of Surgical Site Infection/^cนงเยาว์ เกษตร์ภิบาล
250    ^aพิมพ์ครั้งที่ 1
260    ^aเชียงใหม่:^bคณะพยาบาลศาสตร์ มหาวิทยาลัยเชียงใหม่,^c2557.
300    ^a418 หน้า :^bภาพประกอบ ;^c27 ซม.
650  7 ^aSurgery
650  7 ^aระบาดวิทยา
650  7 ^aการติดเชื้อ^xการป้องกันและควบคุม
650  7 ^aศัลยกรรม
650  7 ^aศัลยกรรม^xการติดเชื้อ^xการป้องกันและควบคุม
710 1  ^aมหาวิทยาลัยเชียงใหม่. ^bคณะพยาบาลศาสตร์
945    ^p350^l0^i22900
945    ^p350^l0^i22901
945    ^p350^l0^i22902
999    ^aทศพร เกษรทอง
รายการนี้ยังไม่มีแท็ก
คุณยังไม่ได้ล็อกอิน คุณสามารถมีกิจกรรมร่วมกับเว็บไซต์ได้ แต่ต้องล็อกอินก่อน ::
  ล็อกอิน

รายการสื่อสารสนเทศ

ลำดับที่ ประเภท เลขเรียก/บาร์โค้ด สถานที่ สถานะ
1. วิทยาศาสตร์การแพทย์ และสุขภาพ
วิทยาศาสตร์การแพทย์ และสุขภาพ
สถานะ=หนังสือเก่า
WO185 น146ร ฉ.1 
  Barcode: 22900
ห้องสมุดวิทยาเขตนครสวรรค์
►ส่วนจัดเก็บหนังสือเก่า นว.
บนชั้น
  ขอยืม
2. วิทยาศาสตร์การแพทย์ และสุขภาพ
วิทยาศาสตร์การแพทย์ และสุขภาพ
สถานะ=หนังสือเก่า
WO185 น146ร ฉ.2 
  Barcode: 22901
ห้องสมุดวิทยาเขตนครสวรรค์
►ส่วนจัดเก็บหนังสือเก่า นว.
บนชั้น
  ขอยืม
3. วิทยาศาสตร์การแพทย์ และสุขภาพ
วิทยาศาสตร์การแพทย์ และสุขภาพ
สถานะ=หนังสือเก่า
WO185 น146ร ฉ.3 
  Barcode: 22902
ห้องสมุดวิทยาเขตนครสวรรค์
►ส่วนจัดเก็บหนังสือเก่า นว.
บนชั้น
  ขอยืม

รายการใกล้เคียง
    ผู้แต่ง [นงเยาว์ เกษตร์ภิบาล]

    หัวเรื่อง [Surgery]
    หัวเรื่อง [ระบาดวิทยา]
    หัวเรื่อง [ศัลยกรรม]

BibComment


ยังไม่เคยถูกคอมเมนท์

คอมเมนท์ทรัพยากรรายการนี้
  คอมเมนท์: ระบาดวิทยาและการ..


 Copyright 2026. Bcnsprnw @Library